| 000 | 00502cam a22002051 4500 | ||
|---|---|---|---|
| 001 | 8256569 | ||
| 005 | 20180105042616.0 | ||
| 008 | 791001s1922 nyu 000 0 eng | ||
| 010 | _a 22006527 | ||
| 035 | _a(OCoLC)5453997 | ||
| 040 |
_aDLC _cNBuU _dOCoLC _dODaWU _dDLC |
||
| 041 | _aeng | ||
| 042 | _apremarc | ||
| 080 | _a32 LIP | ||
| 100 | 1 | _a19 | |
| 101 | _aPOL | ||
| 245 | 1 | 0 |
_aPublic opinion, _cby Walter Lippmann. |
| 906 |
_a7 _bcbc _coclcrpl _du _encip _f19 _gy-gencatlg |
||
| 942 |
_2ddc _cBK |
||
| 999 |
_c39785 _d39785 |
||